Geography Quiz

Random Geography or World Quiz

Create a World Capital Quiz Stats

 Plays Quiz Updated May 23, 2016

Challenge
Share
Tweet
Embed
Score 0/28 Timer 07:00
0 Plays Today
Clue Capital % Correct
World's second largest religionIslamabad
69.6%
Fleur-de-___Lisbon
68.7%
@Athens
67.5%
Morning initialsAmman
66.8%
Soup containerCanberra
63.4%
What is it good for? Absolutely nothin'!Warsaw
61.9%
Sacramento pro teamKingston
61.1%
Chaney of 1940's horror London
58.1%
Golf averageParis
56.8%
Jerry, Elaine, Kramer and...Georgetown
53.9%
Golden Gate is oneBridgetown
52.7%
Onomatopoeia for laughterHarare
49.4%
'Fresh Prince of ___-Air'Belgrade
49%
Italian for mountMontevideo
48%
Clue Capital % Correct
Eva, Magda, or Zsa ZsaGaborone
47.5%
Shares in a companyStockholm
45.5%
Mai ___Taipei
42.2%
Director Gus Van ____Santiago
35.8%
Jack's lover on the TitanicRoseau
35.6%
Isle between
Britain and Ireland
Managua
33.7%
Future businessman's degreeMbabane
33.3%
Angry or crazyMadrid
32.2%
Like Shaquille O'NealTallinn
29.5%
'Aladdin' monkeyAbuja
29%
'Gone With the Wind' plantationTarawa
28.5%
Nu precederMuscat
19.5%
Molybdenum symbolMoscow
17.2%
Baracus initials in
'The A-Team'
Bamako
9.7%

You're not logged in!

Compare scores with friends on all Sporcle quizzes.
OR
Log In

You Might Also Like...

Show Comments

Extras

Top Quizzes Today


Score Distribution

Your Account Isn't Verified!

In order to create a playlist on Sporcle, you need to verify the email address you used during registration. Go to your Sporcle Settings to finish the process.

Report this User

Report this user for behavior that violates our Community Guidelines.

Details: